| 000 | 00618nam a22002057a 4500 | ||
|---|---|---|---|
| 003 | 0 | ||
| 005 | 20230912145754.0 | ||
| 008 | 230912b xxu||||| |||| 00| 0 eng d | ||
| 020 | _a978-1-64172-996-3 | ||
| 050 |
_aP 90 _b.At85 2023 |
||
| 100 | _aAtkinson, Timothy | ||
| 245 |
_aUnderstanding media and mass communication _cTimothy Atkinson |
||
| 260 |
_aNew York _bLarsen & Keller _cc2023. |
||
| 300 |
_aviii, 238 pages : _bcol. ill. ; _c27 cm. |
||
| 500 | _aMass media. | ||
| 504 | _aIncludes bibliographical references and index. | ||
| 650 | _aMass media. | ||
| 650 | _aCommunication. | ||
| 942 |
_2lcc _cBK |
||
| 999 |
_c365285 _d365285 |
||